000 00285nam a22001337a 4500
008 171106b xxu||||| |||| 00| 0 eng d
020 _a9780132018944
041 _aeng
080 _a3230.722.6
100 _a61
101 _aKON
245 _aACCOUTING
_cLEMON.N.J
942 _2udc
_cBK
999 _c37745
_d37745